Homestuck Tile Select - Statistics

General Stats
  • This quiz has been taken 28 times
  • The average score is 30 of 45
Answer Stats
Question Tile Select % Correct
Disabled characters Yes
95%
Disabled characters No
95%
Disabled characters Yes
90%
Disabled characters No
90%
Exiles Yes
90%
Disabled characters No
86%
Exiles No
86%
Prospitians Yes
86%
Disabled characters No
81%
canon Karkat romance interests Yes
81%
canon Karkat romance interests Yes
81%
Disabled characters Yes
76%
Prospitians No
76%
Prospitians Yes
76%
Derseites No
76%
Derseites Yes
76%
canon Karkat romance interests No
76%
canon Karkat romance interests No
76%
Exiles No
71%
Exiles No
71%
Exiles Yes
71%
Exiles No
71%
Prospitians Yes
71%
Derseites No
71%
Derseites Yes
71%
Derseites No
71%
Disabled characters Yes
67%
Prospitians Yes
67%
Derseites Yes
67%
canon Karkat romance interests Yes
67%
Exiles Yes
62%
Exiles No
62%
Derseites Yes
62%
canon Karkat romance interests Yes
62%
canon Karkat romance interests Yes
62%
Exiles Yes
57%
Derseites Yes
57%
canon Karkat romance interests Yes
48%
Prospitians Yes
43%
canon Karkat romance interests Yes
33%
Prospitians No
29%
Prospitians No
24%
Disabled characters Yes
14%
Derseites Yes
14%
Prospitians Yes
10%
No matching quizzes found
Score Distribution
Percent of People with Each Score
Percentile by Number Answered
Your Score History
You have not taken this quiz